| 000 | 00492nam a22001697a 4500 | ||
|---|---|---|---|
| 020 | _a978‑969‑662‑318‑2 | ||
| 082 |
_a891.4343 _bSOH |
||
| 100 | _aSohail Parwaz | ||
| 245 | _aDhaka Main Aaunga/ | ||
| 260 |
_aJhelum: _bBook Cornor, _c2021. |
||
| 300 |
_a447 p _c22 cm |
||
| 563 | _aHB. | ||
| 880 |
_6100-01\(3\r _aسہیل پرواز |
||
| 880 |
_6245-02\(03\r _a/ڈھاکہ میں آؤں گا |
||
| 880 |
_6260-03\(03\r _a2021,بُک کارنر:جہلم |
||
| 942 |
_2ddc _cBK |
||
| 999 |
_c614285 _d614285 |
||